000 00680nam a22002177a 4500
003 UA-OsUOA
001 55821
007 ta
008 20080922b un ||||| |||| 00| 0 ukr d
100 _aБунятян К.П.
090 _a902
_bБ-12
942 _cSA
040 _aUA-OsUOA
_bukr
_cUA-OsUOA
_dUA-OsUOA
245 _aХронологія та періодизація середньодніпровської культури Правобережної України
300 _aС.3-13
955 _a0
041 _aukr
080 _a902
773 0 _w55820
_tАрхеологія
_dК.
_d2008
_g2
650 7 _a9 Географія. Біографії. Історія
_2UDC
999 _c341914
_d341914